000 01136nam a2200313 i 4500
001 14169
003 KOSZ 005
005 20190805114930.0
008 070608s1971 pl a f f 001 0 pol
015 _aPB 1971/3671
040 _aWA N
_cWA N
_dKOSZ 005/RW
080 _a621.3
100 1 _aGogolewski, Zygmunt
_d(1896-1969).
_eAutor
245 1 0 _aNapęd elektryczny /
_cZygmunt Gogolewski, Zygmunt Kuczewski.
250 _aWydanie 4 zminione.
260 _aWarszawa :
_bWydawnictwa Naukowo-Techniczne,
_c1971.
300 _a728, [3] stron :
_bilustracje, errata ;
_c25 cm.
336 _aTekst
_btxt
_2rdacontent
337 _aBez urządzenia pośredniczącego
_bn
_2rdamedia
338 _aWolumin
_bnc
_2rdacarrier
380 _aKsiążki.
504 _aBibliografia na stronach 717-[721]. Indeks.
658 _aInżynieria i technika
650 4 _aNapęd elektryczny
700 1 _aKuczewski, Zygmunt
_d(1923- ).
710 2 _aWydawnictwa Naukowo-Techniczne
_4pbl.
856 _uhttp://koha.tu.koszalin.pl/cgi-bin/koha/opac-detail.pl?biblionumber=14169
_yKatalog online BPK
942 _2UKD
_cKS
999 _c14169
_d14169